1056 1989 1151 1569 1399 1299 1568 1002 1048 1341 1389 1119 1505 1583 1830 1112 1182 1173 1112 1999 1275 1509 1048 1451 1463 1455 1146 1293 1897 1150 1643 1612 1363 1158 1527 1986 1454 1646 1006 1600 1889 1322 1630 1686 1491 1253 1098 1960 1651 1937 1274 1981 1417 1230 1722 1894 1885 1647 1831 1042 1168 1456 1161 1728 1533 1990 1587 1535 1596 1428 1595 1929 1538 1996 1908 1691 1333 1342 1562 1306 1735 1902 1266 1325 1201 1179 1074 1277 1684 1981 1310 1668 1819 1136 1080 1475 1739 1136 1814 BCNSPRNW ULIB Ver.6.0+V

เปลี่ยนเป็นภาษาไทย

Change to English
 แสดงรายละเอียดบรรณานุกรม
  กลับหน้าหลัก

Brief Record : Get Marc (ISO 2709) : E-mail record : QR code < ปิดหน้าต่าง
LEADER : 00000nam 2200000uu 4500
001    13399115285
003     ULIB
008    120809s2555||||th 000 0 tha d
020    ^a9789746726603
060 04 ^aWB100^bอ585
245 00 ^aอาการวิทยาทางอายุรศาสตร์ /^cบรรณาธิการ, เมตตาภร ณ์พรพัฒน์กุล, ขจรศักดิ์ นพคุณ
250    ^aพิมพ์ครั้งที่ 2
260    ^aเชียงใหม่ :^bภาควิชาอายุรศาสตร์ คณะแพทยศาสตร์มหาวิทยาลัยเชียงใหม่,^c2555
300    ^a522 หน้า :^bภาพประกอบ ;^c30 ซม.
650  7 ^aการรักษาโรค
650  7 ^aอายุรศาสตร์^vรวมเรื่อง
650  7 ^aอาการช็อก
650  7 ^aอาการใจสั่น
650  7 ^aอาการเหนื่อย
650  7 ^aการเต้นของหัวใจผิดปกติ
650  7 ^aอาการปวดท้อง
650  7 ^aอาการ^vรวมเรื่อง
700 0  ^aเมตตาภรณ์ พรพัฒน์กุล,^eบรรณาธิการ
700 0  ^aขจรศักดิ์ นพคุณ,^eบรรณาธิการ
710 2  ^aมหาวิทยาลัยเชียงใหม่. ^bคณะแพทยศาสตร์.^bภาควิชาอายุรศาสตร์
945    ^p500^l0^i032215
945    ^p500^l0^i032216
945    ^p500^l0^i032217
995    ^aเกษร
999    ^aใช้งานได้ทุกระบบ
รายการนี้ยังไม่มีแท็ก
คุณยังไม่ได้ล็อกอิน คุณสามารถมีกิจกรรมร่วมกับเว็บไซต์ได้ แต่ต้องล็อกอินก่อน ::
  ล็อกอิน

รายการสื่อสารสนเทศ

ลำดับที่ ประเภท เลขเรียก/บาร์โค้ด สถานที่ สถานะ
1. วิทยาศาสตร์การแพทย์ และสุขภาพ
หนังสือสำรอง
สถานะ=หนังสือสำรอง
WB100 อ585 ฉ.1 
  Barcode: 032215
ห้องสมุดวิทยาเขตสวรรค์ประชารักษ์
►ส่วนจัดเก็บหนังสือเก่า สปร
บนชั้น
  ขอยืม
2. วิทยาศาสตร์การแพทย์ และสุขภาพ
วิทยาศาสตร์การแพทย์ และสุขภาพ
WB100 อ585 ฉ.2 
  Barcode: 032216
ห้องสมุดวิทยาเขตสวรรค์ประชารักษ์
►ส่วนจัดเก็บหนังสือเก่า สปร
บนชั้น
  ขอยืม
3. วิทยาศาสตร์การแพทย์ และสุขภาพ
วิทยาศาสตร์การแพทย์ และสุขภาพ
WB100 อ585 ฉ.3 
  Barcode: 032217
ห้องสมุดวิทยาเขตสวรรค์ประชารักษ์
►ส่วนจัดเก็บหนังสือเก่า สปร
บนชั้น
  ขอยืม

รายการใกล้เคียง
    หัวเรื่อง [การรักษาโรค]
    หัวเรื่อง [อาการช็อก]
    หัวเรื่อง [อาการใจสั่น]
    หัวเรื่อง [อาการเหนื่อย]
    หัวเรื่อง [การเต้นของหัวใจผิดปกติ]
    หัวเรื่อง [อาการปวดท้อง]

BibComment


ยังไม่เคยถูกคอมเมนท์

คอมเมนท์ทรัพยากรรายการนี้
  คอมเมนท์: อาการวิทยาทางอาย..


 Copyright 2026. Bcnsprnw @Library